1975 1875 1090 1727 1043 1152 1129 1865 1039 1237 1569 1692 1447 1451 1473 1131 1982 1954 1941 1250 1292 1659 1256 1124 1680 1770 1247 1582 1929 1307 1860 1850 1444 1913 1483 1368 1566 1195 1551 1118 1682 1479 1349 1622 1093 1680 1367 1794 1332 1195 1871 1589 1591 1258 1104 1374 1263 1714 1914 1891 1265 1961 1099 1443 1462 1246 1203 1769 1620 1938 1402 1509 1164 1278 1560 1085 1739 1457 1801 1269 1539 1596 1350 1537 1391 1693 1786 1459 1426 1027 1906 1810 1159 1481 1167 1223 1265 1449 1183 BCNSPRNW ULIB Ver.6.0+V

เปลี่ยนเป็นภาษาไทย

Change to English
 แสดงรายละเอียดบรรณานุกรม
  กลับหน้าหลัก

Brief Record : Get Marc (ISO 2709) : E-mail record : QR code < ปิดหน้าต่าง
LEADER : 00000nam 2200000uu 4500
001    13399121035
003     ULIB
008    121031s2551||||th 000 0 tha d
020    ^a9789748349497
050  4 ^aH62^bอ117ว
100 0  ^aองอาจ นัยพัฒน์
245 10 ^aวิธีวิทยาการวิจัยเชิงปริมาณและเชิงคุณภาพทางพฤติกรรมศาสตร์และสังคมศาสตร์ =^bQuantitative and qualitative research methodologies inbehavioral and social sciences /^cองอาจ นัยพัฒน์
246 31 ^aQuantitative and qualitative research methodologies inbehavioral and social sciences
250    ^aพิมพ์ครั้งที่ 3
260    ^aกรุงเทพฯ :^bสามลดา,^c2551
300    ^a441 หน้า
504    ^aบรรณานุกรม: หน้า 425-433
650  7 ^aสังคมศาสตร์^xวิจัย
650  7 ^aพฤติกรรมศาสตร์^xวิจัย
650  7 ^aวิจัย
945    ^p350^l0^i16124
995    ^aทศพร
999    ^aทศพร เกษรทอง
รายการนี้ยังไม่มีแท็ก
คุณยังไม่ได้ล็อกอิน คุณสามารถมีกิจกรรมร่วมกับเว็บไซต์ได้ แต่ต้องล็อกอินก่อน ::
  ล็อกอิน

รายการสื่อสารสนเทศ

ลำดับที่ ประเภท เลขเรียก/บาร์โค้ด สถานที่ สถานะ
1. วิทยาศาสตร์การแพทย์ และสุขภาพ
วิทยาศาสตร์การแพทย์ และสุขภาพ
H62 อ117ว ฉ.1 
  Barcode: 16124
ห้องสมุดวิทยาเขตสวรรค์ประชารักษ์
►หนังสือทั่วไป
บนชั้น

รายการใกล้เคียง
    ผู้แต่ง [องอาจ นัยพัฒน์]

    หัวเรื่อง [วิจัย]

BibComment


ยังไม่เคยถูกคอมเมนท์

คอมเมนท์ทรัพยากรรายการนี้
  คอมเมนท์: วิธีวิทยาการวิจั..


 Copyright 2026. Bcnsprnw @Library